<?xml version="1.0" encoding="UTF-8"?>
<record
    xmlns:xsi="http://www.w3.org/2001/XMLSchema-instance"
    xsi:schemaLocation="http://www.loc.gov/MARC21/slim http://www.loc.gov/standards/marcxml/schema/MARC21slim.xsd"
    xmlns="http://www.loc.gov/MARC21/slim">

  <leader>01765nas a2200277Ia 4500</leader>
  <controlfield tag="001">R240-R3183</controlfield>
  <controlfield tag="003">IT-CnALBA</controlfield>
  <controlfield tag="008">170116c99999999xx ||||||||||||   ||und||</controlfield>
  <datafield tag="040" ind1=" " ind2=" ">
    <subfield code="a">IT-CnALBA</subfield>
    <subfield code="c">IT-CnALBA</subfield>
  </datafield>
  <datafield tag="041" ind1=" " ind2=" ">
    <subfield code="a">FRANCESE </subfield>
  </datafield>
  <datafield tag="100" ind1=" " ind2=" ">
    <subfield code="a">PANIKKAR RAIMUNDO</subfield>
  </datafield>
  <datafield tag="210" ind1=" " ind2=" ">
    <subfield code="a">LA VIE SPIRITUELLE</subfield>
  </datafield>
  <datafield tag="222" ind1=" " ind2=" ">
    <subfield code="a">LA VIE SPIRITUELLE</subfield>
  </datafield>
  <datafield tag="245" ind1=" " ind2="0">
    <subfield code="a">LA VIE SPIRITUELLE. N. 566. ANNEE LI. DECEMBRE 1969. IL REGNO E IN MEZZO A VOI. </subfield>
  </datafield>
  <datafield tag="250" ind1=" " ind2=" ">
    <subfield code="a">1a ed.</subfield>
  </datafield>
  <datafield tag="260" ind1=" " ind2=" ">
    <subfield code="a"> PARIS</subfield>
    <subfield code="b">DU CERF EDITIONS </subfield>
    <subfield code="c">1969</subfield>
  </datafield>
  <datafield tag="300" ind1=" " ind2=" ">
    <subfield code="a">128 p. </subfield>
  </datafield>
  <datafield tag="310" ind1=" " ind2=" ">
    <subfield code="a">MENSILE</subfield>
  </datafield>
  <datafield tag="362" ind1=" " ind2=" ">
    <subfield code="a">Fascicolo: 566 / Anno: 51 (1969)</subfield>
  </datafield>
  <datafield tag="500" ind1=" " ind2=" ">
    <subfield code="a">PREGHIERA ORAZIONE CONTEMPLAZIONE. INVITO AL CAMMINO E TESTIMONIANZE DI LAICI. PRESENZA DI DIO. PAROLE UNIVERSALI. CONTEMPLAZIONE NELLA CHIESA CONTEMPORANEA. OMELIA DI UNA SUORA PER NATALE. DIO NELLA VITA DI UNA MADRE DI FAMIGLIA. PASTORALE DEL MATRIMONIO NELLA CHIESA ORTODOSSA. INTERVENTI DEI LETTORI. LITURGIA E MONASTERI. CASA DI PREGHIERA, SCUOLA DI ORAZIONE. CRONACA LITURGICA. IL SACERDOTE. INDICE LUGLIO DICEMBRE 1969. BIBLIOGRAFIA. VOILLAUME R. MERCIER R. MELIA R. </subfield>
  </datafield>
  <datafield tag="501" ind1=" " ind2=" ">
    <subfield code="a">Societ&#xE0; San Paolo EM - Piazza San Paolo, 14 - 12051 ALBA (CN)  (non commercial uses only) &#xAE; Copyright 2017</subfield>
  </datafield>
  <datafield tag="520" ind1=" " ind2=" ">
    <subfield code="a">PREGHIERA ORAZIONE CONTEMPLAZIONE. INVITO AL CAMMINO E TESTIMONIANZE DI LAICI. PRESENZA DI DIO. PAROLE UNIVERSALI. CONTEMPLAZIONE NELLA CHIESA CONTEMPORANEA. OMELIA DI UNA SUORA PER NATALE. DIO NELLA VITA DI UNA MADRE DI FAMIGLIA. PASTORALE DEL MATRIMONIO NELLA CHIESA ORTODOSSA. INTERVENTI DEI LETTORI. LITURGIA E MONASTERI. CASA DI PREGHIERA, SCUOLA DI ORAZIONE. CRONACA LITURGICA. IL SACERDOTE. INDICE LUGLIO DICEMBRE 1969. BIBLIOGRAFIA. VOILLAUME R. MERCIER R. MELIA R. </subfield>
  </datafield>
  <datafield tag="650" ind1=" " ind2=" ">
    <subfield code="a">TEOLOGIA SPIRITUALE</subfield>
  </datafield>
  <datafield tag="942" ind1=" " ind2=" ">
    <subfield code="c">CR</subfield>
  </datafield>
  <datafield tag="957" ind1=" " ind2=" ">
    <subfield code="7">1</subfield>
  </datafield>
  <datafield tag="999" ind1=" " ind2=" ">
    <subfield code="a">13227</subfield>
    <subfield code="b">NO</subfield>
    <subfield code="g">1</subfield>
    <subfield code="c">321282</subfield>
    <subfield code="d">321282</subfield>
  </datafield>
  <datafield tag="952" ind1=" " ind2=" ">
    <subfield code="0">0</subfield>
    <subfield code="1">0</subfield>
    <subfield code="4">0</subfield>
    <subfield code="6">R_240R3183</subfield>
    <subfield code="7">1</subfield>
    <subfield code="a">ALBA</subfield>
    <subfield code="b">ALBA</subfield>
    <subfield code="d">2017-01-16</subfield>
    <subfield code="l">0</subfield>
    <subfield code="o">R240-R3183</subfield>
    <subfield code="r">2017-01-16 00:00:00</subfield>
    <subfield code="w">2017-01-16</subfield>
    <subfield code="y">CR</subfield>
    <subfield code="z">(data import: 16 gennaio 2017) - By Epidotti, Vaglietti. </subfield>
  </datafield>
</record>
